| 000 | 00000nam##2200000za#4500 |
| 001 | 9.696904 |
| 003 | CaOODSP |
| 005 | 20210624235238 |
| 007 | cr ||||||||||| |
| 008 | 150407|2002||||xxc|||||o f|0| 0 eng|d |
| 040 | |aCaOODSP|beng |
| 043 | |an-cn--- |
| 086 | 1 |aH49-164/2002E-PDF |
| 110 | 1 |aCanada. |bHealth Canada. |
| 245 | 10|aBest practices - methadone maintenance treatment / |h[electronic resource]|cprepared by Jamieson, Beals, Lalonde and Associates, Inc. for the Office of Canada's Drug Strategy. |
| 260 | |aOttawa - Ontario : |bHealth Canada |cc2002. |
| 300 | |a104p.|bfigs., references, tables |
| 500 | |aThe catalogue number (H49-164/2002E) and ISBN (0-662-31812-9) for the print edition have been incorrectly copied in this electronic publication. |
| 590 | |a12-42-Supp|b2012-11-21 |
| 690 | 07|aPharmacology|2gcpds |
| 775 | 08|tMeilleures pratiques - traitement d'entretien à la méthadone / |w(CaOODSP)9.640983 |
| 856 | 40|ahttp://publications.gc.ca|qPDF|s3.25 MB|uhttps://publications.gc.ca/collections/collection_2012/sc-hc/H49-164-2002-eng.pdf |